Normal view MARC view
  • Proyecto integral comunitario

Entry Materia

Number of records used in: 3

001 - NÚMERO DE CONTROL DEL REGISTRO

  • campo de control: 25052

003 - IDENTIFICADOR DE NUMERO DE CONTROL

  • campo de control: MX-MxUPN

005 - FECHA Y HORA DE LA ÚLTIMA TRANSACCIÓN

  • campo de control: 20250425110019.0

008 - DATOS DE LONGITUD FIJA

  • campo de control de longitud fija: 250425nn fccnnaabn b ana |d

035 ## - NÚMERO DE CONTROL DEL SISTEMA

  • Número de control del sistema: UPN10000025061

040 ## - FUENTE DE LA CATALOGACIÓN

  • Lengua de catalogación: SPA
  • Agencia de transcripción: UPN

150 ## - ENCABEZAMIENTO - TEMÁTICO

  • Término de materia o nombre geográfico como elemento inicial: Proyecto integral comunitario

670 ## - FUENTE EN LA QUE SE LOCALIZARON DATOS

  • Cita de la fuente: T
  • Información localizada: Mejía García, Laura Cristina. El proyecto integral comunitario como estrategia para fomentar el acermaniento al pensamiento crítico

902 ## - CATALOGADOR

  • Catalogador: MITM/061016